000 00783nam a2200193Ii 4500
003 JO-AjNU
008 230605s9999||||xx |||||||||||||| ||und||
040 _aJO-AjNU
_bara
_erda
_cJO-AjNU
041 _aara
050 1 4 _aBP173.753.K332 1985
100 3 _aالكفراوي، عوف محمود,
_eauthor
_919406
245 0 0 _aدراسة في تكاليف الإنتاج والتسعير في الإسلام
264 3 1 _aالاسكندرية: مؤسسة شباب الجامعة، 1985
300 _a172ص
336 _atext
_btxt
_2rdacontent
337 _aunmediated
_bn
_2rdamedia
338 _avolume
_bnc
_2rdacarrier
650 4 _aمحاسبة التكاليف- الاسلام والاقتصاد- الاسعار- التسعيرة الجبرية- الفقه الاسلامي
_919407
999 _aA6399
_c9967
_d9967